000 00775nam a2200205Ii 4500
003 JO-AjNU
008 230605s9999||||xx |||||||||||||| ||und||
040 _aJO-AjNU
_bara
_erda
_cJO-AjNU
041 _aara
050 1 4 _aBP173.25.M33 2000
100 3 _aإسماعيل، محمود,
_eauthor
_918014
245 0 0 _aسوسيولوجيا الفكر الإسلامي: طور الإزدهار(4): الفكر التاريخي
250 _aط1
264 3 1 _aبيروت: سينا للنشر ، مؤسسة الإنتشار العربي، 2000
300 _aج2، 217ص
336 _atext
_btxt
_2rdacontent
337 _aunmediated
_bn
_2rdamedia
338 _avolume
_bnc
_2rdacarrier
650 4 _aالفلسفة الإسلامية- علم الإجتماع الإسلامي
_918015
999 _aA5682
_c9250
_d9250